00425nam a22001577a 45000010005000000030009000050050017000140070005000310080028000360400022000641000021000862450073001072600032001803000025002125210030002370145DO-SdBNP20151120105346.00145151005b1971 sp 00| 0 spa d aBPMSUbspacBPMSU1 aBagué, Enrique13aEl artista aprende la lección de los ángeles /cEnrique Bagué  aBarcelona :bTeide, c1971. a18 p. :bil.c24 cm.1 aA partir de los 12 años